000 00399nam a22001577a 4500
003 MPLRDC
005 20220104160906.0
008 210129b ||||| |||| 00| 0 eng d
082 _a948.5 LZJ c.2
100 _a李自健
245 _aSALUTES LI ZIJIAN
_c
260 _a马来西亚
_bARTEXT PUBLISHING
_c2001
300 _b
650 _a各种西洋画法--油画
942 _cBK
_o948.5 LZJ c.2
999 _c55222
_d55212